Statystyki dla Jedzenie według krajów#2

Kliknij tutaj aby rozwiązać quiz!

Ogólne statystyki

  • Ten quiz został rozwiązany 4 828 razy
  • Średni wynik to 7 z 21

Statystyki odpowiedzi

JedzeniePaństwo% Poprawnych
BurritoMeksyk
90%
PierogiPolska
87%
BarszczUkraina
70%
GazpachoHiszpania
65%
WontonChiny
53%
SauerbratenNiemcy
50%
SashimiJaponia
49%
Christmas puddingAnglia
40%
CrêpeFrancja
35%
Mule z frytkamiBelgia
25%
KebabIran
24%
SzawarmaTurcja
21%
SpanakopitaGrecja
18%
BulgogiKorea
18%
FalafelEgipt
16%
KawaEtiopia
14%
ParathaIndie
11%
JambalayaStany Zjednoczone
9%
Krapao GaiTajlandia
8%
SisigFilipiny
5%
MajboosArabia
4%

Rozkład punktacji

Percentyl według liczby udzielonych odpowiedzi

Procent ludzi z każdym wynikiem

Twoja historia wyników

Nie rozwiązałeś tego quizu